00198nam a2200085 4500082001500000100002000015245003000035260003900065300000800104 a541.37 FER aFernando,J.N.O. aPhysical Chemistry Part 1 bOpen University of Sri Lankac1997 a123